000 01092nam0a22002891 4500
001 rc\3506220
005 20250610012933.0
035 _a(NLR Aleph) 007615460
090 _a5862750
_c5862750
100 _a20130115d1970 |||y0rusy50 ca
101 1 _arus
_arus
_cscc
_cscr
102 _aRU
105 _aab z |||||
200 1 _aЮгославия сегодня
_eПрирода. Люди. Хозяйство
_fСокр. пер. с серб.-хорв. В.М. Сахарова [и др.]
_gПредисл. и ред. Э.Б. Валева
210 _aМосква
_cПрогресс
_d1970
215 _a327 с., 9 л. ил., карт.
_cил.
_d23
225 1 _aСтрановедческая серия
300 _aДоп. тит. л.: V. Blaškovic. Ekonomska geografija Jugaslavije. Zagreb, 1967
513 0 _aEkonomska geografija Jugaslavije
700 1 _aБлашкович
_bВ.
702 1 _aСахаров
_bВ.М.
_4730
702 1 _aВалев
_bЭ.Б.
_4080
_4340
801 0 _aRU
_bNLR
_gpsbo
801 1 _aRU
_bELAR
_2rusmarc
852 _aNLR
_j69-5/7412
942 _cBOOK
980 _aNB